000 00860nam a2200229Ia 4500
005 20220317001159.0
008 160825s9999 xx 000 0 und d
082 0 4 _a628.1
_bT71
245 1 0 _aTratamiento básico de aguas
_bClasificación, características físicas, filtros, construcción, acueducto municipal
_hvideograbación
250 _a1a. edición
300 _a1 video en VHS (25min)
_bsonido, color
_c20 cm
490 _aVideoteca agropecuaria el campo y la ciudad
650 1 4 _2LEMB
_aAgua
_vVideocasetes
650 1 4 _2LEMB
_aAguas residuales
_vVideocasetes
650 1 4 _2LEMB
_aPlanes de desarrollo
_vVideocasetes
942 _2ddc
_cVIDEOCASET
264 _aEl Campo y La Ciudad
336 _atexto
_btxt
_2rdacontent
337 _asin mediación
_bn
_2rdamedia
338 _avolumen
_bnc
_2rdacarrier
040 _aCO-BoRNBP
_bspa
_erda
_cCO-BoRNBP
999 _c6166
_d6166